000 00790nam a2200229Ia 4500
003 OSt
005 20220925233014.0
006 a|||||r|||| 00| 0
007 ta
008 220923b |||||||| |||| 00| 0 eng d
037 _cGeneral Book
040 _aRTL
_cRTL
_beng
041 _2eng
_aeng
082 _aXM.271.N28r, F9
110 _aCENTRAL PROVINCES(Govt. of-) AGRICULTURE (Deptt. of-).
_9298098
245 0 _aWorking of the cooperative societies in the central provinces &Berar for the year endini in 1928
260 _aNagpur
_bDeptt of Agricultural India
_c1929
300 _aPage capterwise
_ccm.
700 _aCENTRAL PROVINCES(Govt. of-) AGRICULTURE (Deptt. of-).
_9298099
942 _hXM.271.N28r, F9
_cGB
_2CC
999 _c592699
_d592699